Представление документа в формате RUSMARC

ПолеНазваниеЗначение
  Тип записи a
  Библиографический уровень a
001 Контрольный номер 09e4a2eb67b4477694af6b783408d05b
005 Дата корректировки 20260408110307.7
100 Данные общей обработки __
a Данные общей обработки 20260408 ||| 0rusy0189 ca
101 Язык документа 0_
a Язык текста rus
102 Страна публикации __
a Страна публикации RU
200 Заглавие и сведения об ответственности 1_
a Заглавие От яблока до песочных часов: твой гид по фигуре
e Сведения, относящиеся к заглавию [какие бывают типы фигур и какие упражнения на них нужно делать]
f Первые сведения об ответственности А. Ежова
461 Уровень набора _0
1 2000
a Маруся
463 Уровень физической единицы _0
1 2000
a № 3 (395)
v С. 13-17 : ил.
1 2101
d 2026
1 001da3fefd1167f49a39ef73b3b40c91a4b
606 Тематические рубрики 0_
a Основная рубрика Здоровый образ жизни человека
610 Ключевые слова 0_
a Ключевые слова здоровый образ жизни; физические тренировки; гимнастика; физические упражнения; тип фигуры; телосложение, скручивания, приседания, выпады, ходьба, прыжки
686 Индексы других классификаций __
a Классификационный индекс 51.204.0
700 Автор _1
a Фамилия Ежова
b Имя (инициалы) А.
g Полное личное имя Алиса
801 Источник записи _0
a Страна RU
b Организация УОБДЮ
c Дата составления 20260408
g Правила каталогизации RCR
801 Источник записи _1
a Страна RU
b Организация УОБДЮ
c Дата составления 20260408
g Правила каталогизации RCR
901 Тип документа __
t Тип документа b
w Контрольный № источника da3fefd1167f49a39ef73b3b40c91a4b
905 Данные по созданию БЗ __
b Логин пользователя, который создал БЗ ibo4
909 Создатель записи __
a Создатель записи Бобылёва И.В.
910 Корректоры записи __
a Корректор записи Бобылёва И.В.